Sharjah Art Foundation Library

We Are Water Protectors/ (Record no. 6515)

MARC details
000 -LEADER
fixed length control field 00804nam a2200217Ia 4500
001 - CONTROL NUMBER
control field 6515
008 - FIXED-LENGTH DATA ELEMENTS--GENERAL INFORMATION
fixed length control field 260427s9999 xx 000 0 und d
010 ## - LIBRARY OF CONGRESS CONTROL NUMBER
LC control number 2019941023
020 ## - INTERNATIONAL STANDARD BOOK NUMBER
International Standard Book Number 9781250203557
245 #0 - TITLE STATEMENT
Title We Are Water Protectors/
Statement of responsibility, etc. Written by Carole Lindstrom; illustrated by Michaela Goade
260 ## - PUBLICATION, DISTRIBUTION, ETC.
Place of publication, distribution, etc. NY;
Name of publisher, distributor, etc. Roaring Book Press;
Date of publication, distribution, etc. 2020
300 ## - PHYSICAL DESCRIPTION
Extent 40p;
Dimensions 26x26cm
520 ## - SUMMARY, ETC.
Summary, etc. This children's story book issues an urgent rallying cry to safeguard the Earth’s water from harm and corruption—inviting young readers everywhere to join the fight.
546 ## - LANGUAGE NOTE
Language note Hawaiian; English
650 ## - SUBJECT ADDED ENTRY--TOPICAL TERM
Topical term or geographic name entry element Folk literature
9 (RLIN) 9335
650 ## - SUBJECT ADDED ENTRY--TOPICAL TERM
Topical term or geographic name entry element Indigenous societies
9 (RLIN) 9260
650 ## - SUBJECT ADDED ENTRY--TOPICAL TERM
Topical term or geographic name entry element PN1-6790 Literature (General)
9 (RLIN) 21
651 ## - SUBJECT ADDED ENTRY--GEOGRAPHIC NAME
Geographic name Hawaii
9 (RLIN) 2928
655 ## - INDEX TERM--GENRE/FORM
Genre/form data or focus term Illustrated volume
9 (RLIN) 9336
942 ## - ADDED ENTRY ELEMENTS (KOHA)
Koha item type Book
Holdings
Withdrawn status Lost status Damaged status Not for loan Collection Home library Current library Shelving location Date acquired Source of acquisition Total Checkouts Full call number Barcode Date last seen Price effective from Koha item type
        Language and Literature SAF Reference Library SAF Reference Library   04/27/2026 SB15 reading room- Meleanna Meyer   PN1-6790 80.30 6515 04/27/2026 04/27/2026 Book

Copyright © 2022. Sharjah Art Foundation. All Rights Reserved.